Statistics for Biggest Cities in Texas in 1860 with a Map

Click here to take the quiz!

General Stats

  • This quiz has been taken 218 times
  • The average score is 8 of 25

Answers on the Map

Answers color-coded by a green-red scale on the quiz's map according to % correct below.
 

Answer Stats

PopulationCities% Correct
4,845Houston
99%
3,494Austin
96%
8,235San Antonio
94%
7,207Galveston
78%
1,256Laredo
67%
2,734Brownsville
66%
1,024Tyler
45%
1,740New Braunfels
34%
1,986Victoria
32%
1,000Washington
18%
1,107Bastrop
16%
1,103Gonzales
16%
856Seguin
16%
1,212Goliad
14%
753Socorro
14%
920Brenham
12%
939Huntsville
11%
1,150Indianola
10%
1,400Independence
9%
988Jefferson
9%
769Ysleta
9%
1,720Chappell Hill
7%
1,863Harrisburgh
7%
1,052San Elizario
7%
1,851Lynchburg
6%

Score Distribution

Percentile by Number Answered

Percent of People with Each Score

Your Score History

You have not taken this quiz